MARC details
| 000 -LEADER |
| campo de control de longitud fija |
03691cam a2200409 i 4500 |
| 003 - IDENTIFICADOR DE NÚMERO DE CONTROL |
| campo de control |
BJBSDDR |
| 005 - FECHA Y HORA DE LA ÚLTIMA TRANSACCIÓN |
| campo de control |
20230410115821.0 |
| 007 - CAMPO FIJO DE DESCRIPCIÓN FÍSICA--INFORMACIÓN GENERAL |
| campo de control de longitud fija |
ta |
| 008 - DATOS DE LONGITUD FIJA--INFORMACIÓN GENERAL |
| campo de control de longitud fija |
131017s2014 nyu 000 0 eng |
| 020 ## - NÚMERO INTERNACIONAL ESTÁNDAR DEL LIBRO |
| Número Internacional Estándar del Libro |
9780399165313 (hardback) |
| 020 ## - NÚMERO INTERNACIONAL ESTÁNDAR DEL LIBRO |
| Número Internacional Estándar del Libro |
0399165312 (hardback) |
| 040 ## - FUENTE DE CATALOGACIÓN |
| Centro catalogador/agencia de origen |
DLC |
| Lengua de catalogación |
spa |
| Centro/agencia transcriptor |
DLC |
| 041 ## - CÓDIGO DE IDIOMA |
| Código de lengua del texto/banda sonora o título independiente |
eng |
| 042 ## - CÓDIGO DE AUTENTICACIÓN |
| Código de autenticación |
pcc |
| 050 14 - SIGNATURA TOPOGRÁFICA DE LA BIBLIOTECA DEL CONGRESO |
| Número de clasificación |
HM 846 |
| Número de ítem |
H386h 2014 |
| 082 00 - NÚMERO DE LA CLASIFICACIÓN DECIMAL DEWEY |
| Número de clasificación |
303.48 |
| 100 1# - ENTRADA PRINCIPAL--NOMBRE DE PERSONA |
| Nombre de persona |
Havens, John C. |
| 245 10 - MENCIÓN DEL TÍTULO |
| Título |
Hacking h(app)iness : |
| Resto del título |
why your personal data counts and how tracking it can change the world / |
| Mención de responsabilidad, etc. |
John C. Havens. |
| 246 1# - FORMA VARIANTE DEL TITULO |
| Título propio/Titulo breve |
Hacking happiness |
| 264 #1 - PRODUCCIÓN, PUBLICACIÓN, DISTRIBUCIÓN, FABRICACIÓN Y COPYRIGHT |
| Producción, publicación, distribución, fabricación y copyright |
New York : |
| Nombre del de productor, editor, distribuidor, fabricante |
Tarcher, |
| Fecha de producción, publicación, distribución, fabricación o copyright |
[2014] |
| 300 ## - DESCRIPCIÓN FÍSICA |
| Extensión |
xxxvi, 268 p. ; |
| Dimensiones |
24 cm |
| 505 8# - NOTA DE CONTENIDO CON FORMATO |
| Nota de contenido con formato |
Machine generated contents note: Introduction -- SECTION ONE - Identity and Measurement in the Connected World -- Chapter One: Your Identity in the Connected World Chapter Two: Accountability Based Influence Chapter Three: Personal Identity Management Chapter Four: Mobile Sensors Chapter Five: Quantified Self Chapter Six: The Internet of Things Chapter Seven: Artificial Intelligence -- SECTION TWO - Broadcasting Value in the Personal Data Economy -- Chapter Eight: Big Data Chapter Nine: Augmented Reality Chapter Ten: Virtual Currency Chapter Eleven: Shared Value Chapter Twelve: From Consumer to Creator -- SECTION THREE - Promoting Personal and Public Well-Being -- Chapter Thirteen: The Economy of Regard Chapter Fourteen: Positive Psychology Chapter Fifteen: Flow Chapter Sixteen: Altruism Chapter Seventeen: The Value of a Happiness Economy Chapter Eighteen: Beyond GDP Chapter Nineteen: Getting H(app)y Chapter Twenty: Hacking H(app)iness -- SECTION FOUR - Hacking your H(app)iness -- Acknowledgements Endnotes . |
| 520 ## - RESUMEN, ETC. |
| Sumario, etc. |
"In Hacking Happiness, futurist and contributing Mashable writer John C. Havens introduces you to your "quantified self"-your digital identity represented by gigabytes of data produced from tracking your activities on your smartphone and computer. Harvested by megacorporations such as Google, Facebook, and Amazon, Havens argues that companies gather this data because of its immense economic value, encouraging a culture of "sharing" as they hoard the information based on our lives for private monetary gain. But there's an alternative to this digital dystopia. Emerging technologies will help us reclaim this valuable data for ourselves, so we can directly profit from the insights linked to our quantified selves. At the same time, sensors in smartphones and wearable devices will help us track our emotions to improve our well-being based on the science of positive psychology. Havens proposes that these trends will lead to new economic policies that redefine the meaning of "wealth," allowing governments to create policy focused on purpose rather than productivity. An issues book highlighting the benefits of an examined life in the digital world, this timely work takes the trepidation out of the technological renaissance and illustrates how the fruits of the Information Age can improve our lives for a happier humanity"-- |
| Fuente proveedora |
Provided by publisher. |
| 650 #0 - PUNTO DE ACCESO ADICIONAL DE MATERIA--TÉRMINO DE MATERIA |
| Término de materia o nombre geográfico como elemento de entrada |
Technological innovations |
| Subdivisión general |
Social aspects. |
| 650 #0 - PUNTO DE ACCESO ADICIONAL DE MATERIA--TÉRMINO DE MATERIA |
| Término de materia o nombre geográfico como elemento de entrada |
Self-monitoring. |
| 650 #0 - PUNTO DE ACCESO ADICIONAL DE MATERIA--TÉRMINO DE MATERIA |
| Término de materia o nombre geográfico como elemento de entrada |
Data mining |
| Subdivisión general |
Social aspects. |
| 650 #0 - PUNTO DE ACCESO ADICIONAL DE MATERIA--TÉRMINO DE MATERIA |
| Término de materia o nombre geográfico como elemento de entrada |
Well-being. |
| 650 #0 - PUNTO DE ACCESO ADICIONAL DE MATERIA--TÉRMINO DE MATERIA |
| Término de materia o nombre geográfico como elemento de entrada |
Happiness. |
| 650 #4 - PUNTO DE ACCESO ADICIONAL DE MATERIA--TÉRMINO DE MATERIA |
| Término de materia o nombre geográfico como elemento de entrada |
Innovaciones tecnológicas |
| 9 (RLIN) |
1640 |
| Subdivisión general |
Aspectos sociales |
| 650 #4 - PUNTO DE ACCESO ADICIONAL DE MATERIA--TÉRMINO DE MATERIA |
| Término de materia o nombre geográfico como elemento de entrada |
Autocontrol |
| 9 (RLIN) |
12950 |
| 650 #4 - PUNTO DE ACCESO ADICIONAL DE MATERIA--TÉRMINO DE MATERIA |
| Término de materia o nombre geográfico como elemento de entrada |
Procesamiento de datos |
| 9 (RLIN) |
10794 |
| Subdivisión general |
Aspectos sociales |
| 650 #4 - PUNTO DE ACCESO ADICIONAL DE MATERIA--TÉRMINO DE MATERIA |
| Término de materia o nombre geográfico como elemento de entrada |
Bienestar |
| 9 (RLIN) |
6412 |
| 650 #4 - PUNTO DE ACCESO ADICIONAL DE MATERIA--TÉRMINO DE MATERIA |
| Término de materia o nombre geográfico como elemento de entrada |
Felicidad |
| 9 (RLIN) |
5325 |
| 856 42 - LOCALIZACIÓN Y ACCESO ELECTRÓNICOS |
| Materiales especificados |
Cover image |
| Identificador Uniforme de Recursos |
<a href="ftp://ppftpuser:welcome@ftp01.penguingroup.com/Booksellers and Media/Covers/2008_2009_New_Covers/9780399165313.jpg">ftp://ppftpuser:welcome@ftp01.penguingroup.com/Booksellers and Media/Covers/2008_2009_New_Covers/9780399165313.jpg</a> |
| 942 ## - ELEMENTOS DE ENTRADA SECUNDARIOS (KOHA) |
| Fuente del sistema de clasificación o colocación |
Clasificación de Library of Congress |
| Tipo de ítem Koha |
Libro |
| 946 ## - PROCESAMIENTO DE INFORMACIÓN LOCAL (OCLC) |
| Iniciales del agente catalogador |
lmm |